<?xml version="1.0" encoding="UTF-8"?>
<record
    xmlns:xsi="http://www.w3.org/2001/XMLSchema-instance"
    xsi:schemaLocation="http://www.loc.gov/MARC21/slim http://www.loc.gov/standards/marcxml/schema/MARC21slim.xsd"
    xmlns="http://www.loc.gov/MARC21/slim">

  <leader>03316njm a2200541Ia 4500</leader>
  <controlfield tag="001">24583</controlfield>
  <controlfield tag="003">IT-RoPAU</controlfield>
  <controlfield tag="005">20220918181125.0</controlfield>
  <controlfield tag="008">131025s9999    xx            000 0 und d</controlfield>
  <datafield tag="040" ind1=" " ind2=" ">
    <subfield code="a">IT-RoPAU</subfield>
  </datafield>
  <datafield tag="040" ind1=" " ind2=" ">
    <subfield code="c">IT-RoPAU</subfield>
  </datafield>
  <datafield tag="041" ind1=" " ind2=" ">
    <subfield code="a">ITALIANO</subfield>
  </datafield>
  <datafield tag="999" ind1=" " ind2=" ">
    <subfield code="c">100104</subfield>
    <subfield code="d">100104</subfield>
  </datafield>
  <datafield tag="999" ind1=" " ind2=" ">
    <subfield code="b">n.d.</subfield>
  </datafield>
  <datafield tag="100" ind1=" " ind2=" ">
    <subfield code="a">AA.VV.</subfield>
    <subfield code="9">794</subfield>
  </datafield>
  <datafield tag="100" ind1=" " ind2=" ">
    <subfield code="e">Autore musica</subfield>
    <subfield code="9">10693</subfield>
  </datafield>
  <datafield tag="100" ind1=" " ind2=" ">
    <subfield code="g">Codice autore musica SPICS: 12000</subfield>
    <subfield code="9">796</subfield>
  </datafield>
  <datafield tag="245" ind1=" " ind2=" ">
    <subfield code="a">Sota i pont del Po</subfield>
  </datafield>
  <datafield tag="250" ind1=" " ind2=" ">
    <subfield code="a">1a ed.</subfield>
  </datafield>
  <datafield tag="260" ind1=" " ind2=" ">
    <subfield code="a">TORINO</subfield>
  </datafield>
  <datafield tag="260" ind1=" " ind2=" ">
    <subfield code="b">FONIT CETRA</subfield>
    <subfield code="c">1964 [1a Ed.:1964]</subfield>
  </datafield>
  <datafield tag="300" ind1=" " ind2=" ">
    <subfield code="a">DISCO</subfield>
  </datafield>
  <datafield tag="500" ind1=" " ind2=" ">
    <subfield code="a">Canzone italiana dialettale. Canzoni popolari piemontesi.</subfield>
  </datafield>
  <datafield tag="505" ind1=" " ind2=" ">
    <subfield code="a">Viva Torino - Piemontesina - Bela murfela - La poulajera-La va al merc&#xE0; - Turin (T'ses la mia vita) - La monferrina-Maria Catlina - Vinassa - Bond&#xEC; mia Turin - Maria Gioana - Souta i pont del Po - Per 'nstra del borg Vanchija - La biondina d'la val San Martin - Me ciabotin - Piemont - La villanella - Turin, t'en conosse pi nen?</subfield>
  </datafield>
  <datafield tag="511" ind1=" " ind2=" ">
    <subfield code="a">Gardino e la sua Orchestra</subfield>
  </datafield>
  <datafield tag="511" ind1=" " ind2=" ">
    <subfield code="a">Coro Alpino Val Sangone</subfield>
  </datafield>
  <datafield tag="650" ind1=" " ind2=" ">
    <subfield code="a">POPOLARE [DISCHI]</subfield>
    <subfield code="e">Codice MATERIA SPICS: 9950</subfield>
    <subfield code="9">10694</subfield>
  </datafield>
  <datafield tag="700" ind1=" " ind2=" ">
    <subfield code="a">Anonimo</subfield>
    <subfield code="d">Codice autore musica SPICS: 2620</subfield>
    <subfield code="e">Autore musica</subfield>
    <subfield code="p">Viva Torino - La poulajera-La va al merc&#xE0; - La monferrina-Maria Catlina - Vinassa - Maria Gioana - La villanella</subfield>
    <subfield code="9">10695</subfield>
  </datafield>
  <datafield tag="700" ind1=" " ind2=" ">
    <subfield code="a">Raimondo Giovanni</subfield>
    <subfield code="d">Codice autore musica SPICS: 13444</subfield>
    <subfield code="e">Autore musica</subfield>
    <subfield code="p">Piemontesina</subfield>
    <subfield code="9">10696</subfield>
  </datafield>
  <datafield tag="700" ind1=" " ind2=" ">
    <subfield code="a">Frati Enrico</subfield>
    <subfield code="d">Codice autore SPICS: 13443</subfield>
    <subfield code="e">Autore</subfield>
    <subfield code="p">Piemontesina</subfield>
    <subfield code="9">10697</subfield>
  </datafield>
  <datafield tag="700" ind1=" " ind2=" ">
    <subfield code="a">Gallizio Secondo</subfield>
    <subfield code="d">Codice autore musica SPICS: 14234</subfield>
    <subfield code="e">Autore musica</subfield>
    <subfield code="p">Bela murfela</subfield>
    <subfield code="9">10698</subfield>
  </datafield>
  <datafield tag="700" ind1=" " ind2=" ">
    <subfield code="a">Prunotto</subfield>
    <subfield code="d">Codice autore SPICS: 27458</subfield>
    <subfield code="e">Autore</subfield>
    <subfield code="p">Bela murfela</subfield>
    <subfield code="9">10699</subfield>
  </datafield>
  <datafield tag="700" ind1=" " ind2=" ">
    <subfield code="a">Gardino</subfield>
    <subfield code="d">Codice autore musica SPICS: 16149</subfield>
    <subfield code="e">Autore musica</subfield>
    <subfield code="p">La poulajera-La va al merc&#xE0; - La monferrina-Maria Catlina - Vinassa - Souta i pont del Po - Piemont - La villanella</subfield>
    <subfield code="9">10700</subfield>
  </datafield>
  <datafield tag="700" ind1=" " ind2=" ">
    <subfield code="a">Chiappo Enrico</subfield>
    <subfield code="d">Codice autore musica SPICS: 13520</subfield>
    <subfield code="e">Autore musica</subfield>
    <subfield code="p">Turin (T'ses la mia vita)</subfield>
    <subfield code="9">10701</subfield>
  </datafield>
  <datafield tag="700" ind1=" " ind2=" ">
    <subfield code="a">Testa Arturo</subfield>
    <subfield code="d">Codice autore SPICS: 13685</subfield>
    <subfield code="e">Autore</subfield>
    <subfield code="p">Turin (T'ses la mia vita)</subfield>
    <subfield code="9">10702</subfield>
  </datafield>
  <datafield tag="700" ind1=" " ind2=" ">
    <subfield code="a">Concina Carlo</subfield>
    <subfield code="d">Codice autore musica SPICS: 13632</subfield>
    <subfield code="e">Autore musica</subfield>
    <subfield code="p">Bond&#xEC; mia Turin</subfield>
    <subfield code="9">10703</subfield>
  </datafield>
  <datafield tag="700" ind1=" " ind2=" ">
    <subfield code="a">Cherubini Bixio</subfield>
    <subfield code="d">Codice autore SPICS: 13442</subfield>
    <subfield code="e">Autore</subfield>
    <subfield code="p">Bond&#xEC; mia Turin</subfield>
    <subfield code="9">10704</subfield>
  </datafield>
  <datafield tag="700" ind1=" " ind2=" ">
    <subfield code="a">Martinacci</subfield>
    <subfield code="d">Codice autore SPICS: 27459</subfield>
    <subfield code="e">Autore</subfield>
    <subfield code="p">Maria Gioana</subfield>
    <subfield code="9">10705</subfield>
  </datafield>
  <datafield tag="700" ind1=" " ind2=" ">
    <subfield code="a">Bernard L.</subfield>
    <subfield code="d">Codice autore SPICS: 9284</subfield>
    <subfield code="e">Autore</subfield>
    <subfield code="p">Souta i pont del Po</subfield>
    <subfield code="9">10706</subfield>
  </datafield>
  <datafield tag="700" ind1=" " ind2=" ">
    <subfield code="a">Provera Carlo</subfield>
    <subfield code="d">Codice autore musica SPICS: 2311</subfield>
    <subfield code="e">Autore musica</subfield>
    <subfield code="p">Per 'nstra del borg Vanchija</subfield>
    <subfield code="9">10707</subfield>
  </datafield>
  <datafield tag="700" ind1=" " ind2=" ">
    <subfield code="a">Costa A.</subfield>
    <subfield code="d">Codice autore musica SPICS: 13206</subfield>
    <subfield code="e">Autore musica</subfield>
    <subfield code="p">La biondina d'la val San Martin</subfield>
    <subfield code="9">10708</subfield>
  </datafield>
  <datafield tag="700" ind1=" " ind2=" ">
    <subfield code="a">Croce Giulio Cesare</subfield>
    <subfield code="d">Codice autore SPICS: 18006</subfield>
    <subfield code="e">Autore</subfield>
    <subfield code="p">La biondina d'la val San Martin</subfield>
    <subfield code="9">10709</subfield>
  </datafield>
  <datafield tag="700" ind1=" " ind2=" ">
    <subfield code="a">Rissone</subfield>
    <subfield code="d">Codice autore musica SPICS: 27460</subfield>
    <subfield code="e">Autore musica</subfield>
    <subfield code="p">Me ciabotin</subfield>
    <subfield code="9">10710</subfield>
  </datafield>
  <datafield tag="700" ind1=" " ind2=" ">
    <subfield code="a">Soddanino</subfield>
    <subfield code="d">Codice autore SPICS: 27461</subfield>
    <subfield code="e">Autore</subfield>
    <subfield code="p">Me ciabotin</subfield>
    <subfield code="9">10711</subfield>
  </datafield>
  <datafield tag="700" ind1=" " ind2=" ">
    <subfield code="a">Oger</subfield>
    <subfield code="d">Codice autore SPICS: 27462</subfield>
    <subfield code="e">Autore musica</subfield>
    <subfield code="p">Piemont</subfield>
    <subfield code="9">10712</subfield>
  </datafield>
  <datafield tag="700" ind1=" " ind2=" ">
    <subfield code="a">Baima Carlo</subfield>
    <subfield code="d">Codice autore musica SPICS: 9663</subfield>
    <subfield code="e">Autore musica</subfield>
    <subfield code="p">Turin, t'en conosse pi nen?</subfield>
    <subfield code="9">10713</subfield>
  </datafield>
  <datafield tag="700" ind1=" " ind2=" ">
    <subfield code="a">Costanzo</subfield>
    <subfield code="d">Codice autore SPICS: 27463</subfield>
    <subfield code="e">Autore musica</subfield>
    <subfield code="p">Turin, t'en conosse pi nen?</subfield>
    <subfield code="9">10714</subfield>
  </datafield>
  <datafield tag="942" ind1=" " ind2=" ">
    <subfield code="c">MD</subfield>
    <subfield code="2">ddc</subfield>
  </datafield>
  <datafield tag="952" ind1=" " ind2=" ">
    <subfield code="0">0</subfield>
    <subfield code="1">0</subfield>
    <subfield code="4">0</subfield>
    <subfield code="6">24583_000000000000000</subfield>
    <subfield code="7">1</subfield>
    <subfield code="a">SPICS</subfield>
    <subfield code="b">SPICS</subfield>
    <subfield code="d">2013-10-25</subfield>
    <subfield code="l">0</subfield>
    <subfield code="o">24583</subfield>
    <subfield code="r">2013-10-25 00:00:00</subfield>
    <subfield code="w">2013-10-25</subfield>
    <subfield code="y">MD</subfield>
    <subfield code="z">Progr. Ins.: 5278 / N.Vol.: 1 / Copie: 1 - Copia rara: n.d. / date import: 01.01.2014 - By Epidotti, Trombetti, Vaglietti</subfield>
  </datafield>
</record>
